000 00359 a2200169 4500
001 190644
020 _a978-85-7319-507-1
040 _cMagnum
100 _aNavarro, Walter
240 1 0 _aO canalha amoroso
_lpor
245 1 0 _aO canalha amoroso
300 _a152
362 0 _a2009
440 1 _aDimensão
697 _aLITERATURA JUVENIL
942 _cBK
999 _c190644
_d190644